Hauptstädte mit dem Buchstaben R als zweitem Buchstaben - Statistiken

Allgemein
  • Dieses Quiz wurde 450 mal gespielt
  • Das Durchschnittsergebnis liegt bei 5 aus 10
Antwortstatistiken
Hauptstadt % Korrekt
Prag
75%
Bratislava
73%
Brasilia
64%
Brüssel
55%
Tripolis
42%
Praia
40%
Pretoria
34%
Freetown
32%
Sri Jayewardenepura Kotte
28%
Bridgetown
26%
Keine übereinstimmenden Quizze gefunden
Verteilung der Resultate
Anzahl Personen mit jedem Resultat
Perzentil nach korrekt beantworteten Fragen
Ihre Resultats-Entwicklung
Sie haben dieses Quiz noch nicht gespielt